Убийцы с Вильгельмштрассе

Podrobná bibliografie
Hlavní autor: Бернась Ф. Францишек
Další autoři: Светлов В. А. (переводчик), Федоренко В. А. (составитель), Попов Н. В.
Jazyk:ruština
Vydáno: Москва, Республика, 1992
Témata:
Médium: MixedMaterials Kniha
KOHA link:https://koha.lib.tpu.ru/cgi-bin/koha/opac-detail.pl?biblionumber=168215

MARC

LEADER 00000nam0a2200000 4500
001 168215
005 20231031163035.0
010 |a 5250020399 
020 |a RU  |b 92-37950 
035 |a (RuTPU)RU\TPU\book\182509 
090 |a 168215 
100 |a 20091026d1992 m y0rusy5003 ca 
101 1 |a rus  |c pol 
102 |a RU 
105 |a y z 000ay 
200 1 |a Убийцы с Вильгельмштрассе  |f Ф. Бернась  |g пер. с пол. В. А. Светлов ; В. А. Федоренко ; коммент. Н. В. Попов 
210 |a Москва  |c Республика  |d 1992 
215 |a 238,[2] с.  |d 17 см 
610 1 |a Германский фашизм 
610 1 |a Терроризм в Германии 
610 1 |a история 
610 1 |a политические детективы 
686 |a Т3 (4)  |2 rubbk 
700 1 |a Бернась  |b Ф.  |g Францишек  |4 070 
702 1 |a Светлов  |b В. А.  |4 730 
702 1 |a Федоренко  |b В. А.  |4 730 
702 1 |a Попов  |b Н. В.  |4 220 
801 0 |a RU  |b RuMRKP  |c 19950413  |g psbo 
801 1 |a RU  |b 63413507  |c 20091026 
801 2 |a RU  |b 63413507  |c 20091026  |g RCR 
942 |c BK